Normal view
MARC view
- Mitra, Subrata Kumar,
Entry Personal Name
001 - CONTROL NUMBER
- control field: 21071
003 - CONTROL NUMBER IDENTIFIER
- control field: NUST
005 - DATE AND TIME OF LATEST TRANSACTION
- control field: 20190923105952.0
008 - FIXED-LENGTH DATA ELEMENTS
- fixed length control field: 190923|| aca||aabn | a|a d
040 ## - CATALOGING SOURCE
- Original cataloging agency: NUST
- Transcribing agency: NUST
100 ## - HEADING--PERSONAL NAME
- Personal name: Mitra, Subrata Kumar,
- Dates associated with a name: 1949-
670 ## - SOURCE DATA FOUND
- Source citation: Work cat.: (NUST): Subrata Kumar Mitra. 21070, The post-colonial state in Asia :, 1990.
